000
00238 a2200097 4500
001
15195
100
_a
Bentley W
245
_a
Questions in machine construction and drawing
260
_a
London
_b
The bentley pub
_c
090
_c
11935
_d
11935
942
_a
NUST-CAE
_c
M
_c
2153
999
_c
250268
_d
250268